000 00907nam a22002897a 4500
003 CHAP
005 20220329141506.0
008 971013s1987 r 10010 d
010 _a69007
011 _a69979
035 _a79458
040 _cCHAP
090 _aFolleto 12378i
111 0 0 _aConferencia Interparlamentaria sobre Medio Ambiente en América Latina y el Caribe (
_n1
_d: 1987
_c: Ciudad de México)
_926533
245 _aInforme final
260 _aNairobi, Kenia :
_bPNUMA,
_c1987
300 _a72 p.
500 _a32-158
590 _aBATCH-UPD
_b10
_c20130110
_lUCH01
_h0647
590 _aBATCH-UPD
_b10
_c20130410
_lUCH01
_h0332
590 _aBATCH-UPD
_b10
_c20130914
_lUCH01
_h1029
590 _aCONVERSION
_b10
_c20130109
_lUCH01
_h1338
650 1 4 _aMedio ambiente
_xProtección.
_974106
901 _aBK
942 _cFOLL
949 _aFolleto 12378i
_bBC
_cFOLL
_d-32347
_eTS1
_i79458
_mD
_si
999 _c69007
_d69007